| 000 | 008580am a2200265 004500 | ||
|---|---|---|---|
| 008 | 720309s1963 nju 000 0 eng | ||
| 010 | _a 63012670 | ||
| 040 |
_aDLC _cODaWU _dOCoLC _dNGvP _dDLC |
||
| 042 | _apremarc | ||
| 050 | 0 | 0 |
_aHN660.8 _b.H2 |
| 092 | 0 | 4 |
_a320.956 _bH1956 _221 |
| 099 |
_a04 _a320.956 H1956 |
||
| 100 | 1 | _aHalpern, Manfred. | |
| 245 | 1 | 4 | _aThe politics of social change in the Middle East and North Africa. |
| 260 |
_aPrinceton, N.J. _bPrinceton University Press, _c1963. |
||
| 300 |
_axxv, 431 p. _bfold. col. map. _c24 cm. |
||
| 504 | _aBibliographical footnotes. | ||
| 651 | 0 |
_aMiddle East _xPolitics and government. |
|
| 651 | 0 |
_aMiddle East _xSocial conditions. |
|
| 902 | _a1 | ||
| 905 |
_aEman _eRev |
||
| 905 |
_aHanan _eCat |
||
| 942 |
_2ddc _cBK |
||
| 999 |
_c107057 _d107057 |
||